Vývoj analytickej metódy s využitím disperznej mikroextrakcie kvapalina-kvapalina na sledovanie rezíduí pesticídov vo vzorkách s určitým obsahom alkoholu diplomová práca
Enregistré dans:
| Auteur principal: | |
|---|---|
| Format: | Livre |
| Langue: | slovaque |
| Publié: |
Bratislava
STU FCHPT
2016
|
| Accès en ligne: | Voir à l'OPAC |
| Tags: |
Pas de tags, Soyez le premier à ajouter un tag!
|
MARC
| LEADER | 00000nam a2200000 a 4500 | ||
|---|---|---|---|
| 005 | 20260127134232.0 | ||
| 008 | 160615 2016 000 0 slo d | ||
| 035 | |a vtls011560240 | ||
| 039 | 9 | |a 201606230816 |b mschk03 |y 201606150953 |z mschk03 | |
| 040 | |a STUSCHK1 |b slo |c STUSCHK1 |e AACR2 | ||
| 100 | 1 | |a Suranová, Alexandra | |
| 245 | 1 | |a Vývoj analytickej metódy s využitím disperznej mikroextrakcie kvapalina-kvapalina na sledovanie rezíduí pesticídov vo vzorkách s určitým obsahom alkoholu |b diplomová práca |c Alexandra Suranová | |
| 260 | |a Bratislava |b STU FCHPT |c 2016 | ||
| 300 | |a 73 s. |b il. |c 25 cm | ||
| 500 | |a Študijný program: technická chémia | ||
| 500 | |a Študijný odbor: chémia, chemické technológie | ||
| 500 | |a Školiace pracovisko: Ústav analytickej chémie | ||
| 500 | |a Evid. číslo: FCHPT-104542-8873 | ||
| 910 | |a SCHK95 | ||
| 999 | |c 7442 |d 7442 | ||